[路線図付き] 大都市近郊区間 東京 駅名穴埋め - Statistics

General Stats
  • This quiz has been taken 10,013 times
    3,214 since last reset
  • The average score is 358 of 882
Answers on the Map
Answers color-coded by a green-red scale on the quiz's map according to % correct below.
 
Answer Stats
LINE NUMBERING ANSWER % Correct
山手線 JY01 東京
96%
京浜東北・根岸線 JK26 東京
96%
横須賀線 JO19 東京
96%
東海道線 JT01 東京
96%
中央快速線 JC01 東京
96%
高崎線 JU01 東京
96%
宇都宮線 JU01 東京
96%
京葉線 JE01 東京
96%
総武快速線 JO19 東京
96%
山手線 JY17 新宿
93%
埼京線 JA11 新宿
93%
中央快速線 JC05 新宿
93%
中央・総武緩行線 JB10 新宿
93%
山手線 JY05 上野
92%
京浜東北・根岸線 JK30 上野
92%
高崎線 JU02 上野
92%
宇都宮線 JU02 上野
92%
常磐線 JJ01 上野
92%
山手線 JY02 神田
90%
山手線 JY03 秋葉原
90%
山手線 JY25 品川
90%
京浜東北・根岸線 JK20 品川
90%
京浜東北・根岸線 JK27 神田
90%
京浜東北・根岸線 JK28 秋葉原
90%
横須賀線 JO17 品川
90%
東海道線 JT03 品川
90%
中央快速線 JC02 神田
90%
中央・総武緩行線 JB19 秋葉原
90%
山手線 JY13 池袋
89%
山手線 JY20 渋谷
89%
埼京線 JA10 渋谷
89%
埼京線 JA12 池袋
89%
山手線 JY07 日暮里
88%
京浜東北・根岸線 JK32 日暮里
88%
常磐線 JJ02 日暮里
88%
山手線 JY08 西日暮里
87%
京浜東北・根岸線 JK12 横浜
87%
京浜東北・根岸線 JK33 西日暮里
87%
横須賀線 JO13 横浜
87%
東海道線 JT05 横浜
87%
山手線 JY04 御徒町
86%
山手線 JY26 高輪ゲートウェイ
86%
山手線 JY29 新橋
86%
京浜東北・根岸線 JK21 高輪ゲートウェイ
86%
京浜東北・根岸線 JK24 新橋
86%
京浜東北・根岸線 JK29 御徒町
86%
横須賀線 JO18 新橋
86%
東海道線 JT02 新橋
86%
山手線 JY18 代々木
85%
山手線 JY22 目黒
85%
山手線 JY24 大崎
85%
京浜東北・根岸線 JK47 大宮
85%
埼京線 JA08 大崎
85%
埼京線 JA26 大宮
85%
JR・相鉄直通線 大崎
85%
川越線 大宮
85%
高崎線 JU07 大宮
85%
宇都宮線 JU07 大宮
85%
中央・総武緩行線 JB11 代々木
85%
山手線 JY19 原宿
84%
山手線 JY06 鶯谷
83%
山手線 JY09 田端
83%
山手線 JY14 目白
83%
山手線 JY15 高田馬場
83%
山手線 JY21 恵比寿
83%
山手線 JY30 有楽町
83%
京浜東北・根岸線 JK25 有楽町
83%
京浜東北・根岸線 JK31 鶯谷
83%
京浜東北・根岸線 JK34 田端
83%
埼京線 JA09 恵比寿
83%
横浜線 JH32 八王子
83%
中央快速線 JC22 八王子
83%
八高線 八王子
83%
山手線 JY16 新大久保
82%
山手線 JY28 浜松町
82%
京浜東北・根岸線 JK16 川崎
82%
京浜東北・根岸線 JK23 浜松町
82%
東海道線 JT04 川崎
82%
南武線 JN01 川崎
82%
山手線 JY11 巣鴨
81%
山手線 JY27 田町
81%
京浜東北・根岸線 JK22 田町
81%
中央快速線 JC03 御茶ノ水
81%
中央・総武緩行線 JB18 御茶ノ水
81%
山手線 JY23 五反田
80%
南武線 JN26 立川
80%
中央快速線 JC19 立川
80%
青梅線 JC19 立川
80%
総武快速線 JO28 千葉
80%
中央・総武緩行線 JB39 千葉
80%
内房線 千葉
80%
外房線 千葉
80%
総武本線 千葉
80%
成田線 千葉
80%
山手線 JY12 大塚
79%
京浜東北・根岸線 JK38 赤羽
79%
埼京線 JA15 赤羽
79%
高崎線 JU04 赤羽
79%
宇都宮線 JU04 赤羽
79%
山手線 JY10 駒込
78%
中央快速線 JC06 中野
78%
中央・総武緩行線 JB07 中野
78%
京浜東北・根岸線 JK43 浦和
77%
JR・相鉄直通線 武蔵小杉
77%
横須賀線 JO15 武蔵小杉
77%
南武線 JN07 武蔵小杉
77%
高崎線 JU05 浦和
77%
宇都宮線 JU05 浦和
77%
八高線 高崎
76%
信越本線 高崎
76%
上越線 高崎
76%
高崎線 高崎
76%
両毛線 高崎
76%
中央快速線 JC12 三鷹
75%
中央・総武緩行線 JB01 三鷹
75%
京浜東北・根岸線 JK01 大船
74%
京浜東北・根岸線 JK15 鶴見
74%
横須賀線 JO09 大船
74%
鶴見線 JI01 鶴見
74%
東海道線 JT07 大船
74%
中央快速線 JC04 四ッ谷
74%
中央・総武緩行線 JB14 四ッ谷
74%
東海道線 JT21 熱海
73%
伊東線 JT21 熱海
73%
中央快速線 JC16 国分寺
73%
中央快速線 JC24 高尾
72%
宇都宮線 宇都宮
72%
日光線 宇都宮
72%
成田線 成田
72%
成田線 支線1 成田
72%
成田線 支線2 成田
72%
京浜東北・根岸線 JK42 南浦和
71%
東海道線 JT16 小田原
71%
中央快速線 JC09 荻窪
71%
総武快速線 JO25 船橋
71%
武蔵野線 JM25 南浦和
71%
中央・総武緩行線 JB04 荻窪
71%
中央・総武緩行線 JB31 船橋
71%
京浜東北・根岸線 JK46 さいたま新都心
70%
中央快速線 JC11 吉祥寺
70%
中央快速線 JC17 西国分寺
70%
高崎線 JU06 さいたま新都心
70%
宇都宮線 JU06 さいたま新都心
70%
京葉線 JE07 舞浜
70%
武蔵野線 JM10 西船橋
70%
武蔵野線 JM33 西国分寺
70%
中央・総武緩行線 JB02 吉祥寺
70%
中央・総武緩行線 JB30 西船橋
70%
常磐線 水戸
70%
水郡線 水戸
70%
中央・総武緩行線 JB17 水道橋
69%
京浜東北・根岸線 JK13 東神奈川
68%
横浜線 JH13 東神奈川
68%
横浜線 JH16 新横浜
68%
中央快速線 JC18 国立
68%
川越線 川越
68%
京浜東北・根岸線 JK11 桜木町
67%
中央快速線 JC07 高円寺
67%
中央快速線 JC08 阿佐ヶ谷
67%
中央快速線 JC15 武蔵小金井
67%
青梅線 JC62 青梅
67%
中央・総武緩行線 JB05 阿佐ヶ谷
67%
中央・総武緩行線 JB06 高円寺
67%
常磐線 JJ05 北千住
67%
常磐緩行線 JJ05 北千住
67%
京浜東北・根岸線 JK17 蒲田
66%
埼京線 JA21 武蔵浦和
66%
横須賀線 JO07 鎌倉
66%
横須賀線 JO03 横須賀
66%
東海道線 JT10 茅ケ崎
66%
相模線 茅ケ崎
66%
中央快速線 JC10 西荻窪
66%
中央快速線 JC32 大月
66%
中央本線 JC32 大月
66%
総武快速線 JO22 錦糸町
66%
武蔵野線 JM26 武蔵浦和
66%
中央・総武緩行線 JB03 西荻窪
66%
中央・総武緩行線 JB16 飯田橋
66%
中央・総武緩行線 JB22 錦糸町
66%
京葉線 JE05 新木場
65%
成田線 支線1 新木
65%
京浜東北・根岸線 JK19 大井町
64%
京浜東北・根岸線 JK39 川口
64%
京浜東北・根岸線 JK44 北浦和
64%
横須賀線 JO10 戸塚
64%
東海道線 JT06 戸塚
64%
南武線 JN20 府中本町
64%
京葉線 蘇我
64%
総武快速線 JO24 市川
64%
武蔵野線 JM35 府中本町
64%
中央・総武緩行線 JB27 市川
64%
内房線 蘇我
64%
外房線 蘇我
64%
伊東線 JT26 伊東
63%
中央・総武緩行線 JB09 大久保
63%
中央・総武緩行線 JB35 幕張
63%
常磐線 JJ06 松戸
63%
常磐緩行線 JL22 松戸
63%
東海道線 JT08 藤沢
62%
相模線 橋本
62%
横浜線 JH28 橋本
62%
中央快速線 JC13 武蔵境
62%
中央快速線 JC23 西八王子
62%
両毛線 前橋
62%
中央・総武緩行線 JB08 東中野
62%
中央・総武緩行線 JB15 市ケ谷
62%
横須賀線 JO06 逗子
61%
中央本線 CO43 甲府
61%
中央・総武緩行線 JB13 信濃町
61%
中央・総武緩行線 JB21 両国
61%
成田線 支線1 我孫子
61%
常磐線 JJ08 我孫子
61%
常磐緩行線 JL30 我孫子
61%
京浜東北・根岸線 JK18 大森
60%
京浜東北・根岸線 JK45 与野
60%
中央快速線 JC20 日野
60%
篠ノ井線 SN06 松本
60%
宇都宮線 小山
60%
両毛線 小山
60%
日光線 日光
60%
京葉線 JE06 葛西臨海公園
60%
常磐線 JJ04 南千住
60%
水戸線 小山
60%
大糸線 松本
60%
京浜東北・根岸線 JK10 関内
59%
埼京線 JA13 板橋
59%
埼京線 JA14 十条
59%
京葉線 JE02 八丁堀
59%
成田線 支線2 成田空港
59%
JR・相鉄直通線 西大井
58%
横須賀線 JO16 西大井
58%
東海道線 JT11 平塚
58%
中央快速線 JC21 豊田
58%
高崎線 JU03 尾久
58%
宇都宮線 JU03 尾久
58%
京葉線 JE14 海浜幕張
58%
総武快速線 JO23 新小岩
58%
中央・総武緩行線 JB12 千駄ケ谷
58%
中央・総武緩行線 JB25 新小岩
58%
常磐線 JJ07
58%
常磐緩行線 JL28
58%
信越本線2 SE13 長野
58%
京浜東北・根岸線 JK36 王子
57%
京浜東北・根岸線 JK41
57%
横須賀線 JO14 新川崎
57%
中央快速線 JC14 東小金井
57%
青梅線 JC74 奥多摩
57%
京浜東北・根岸線 JK07 根岸
56%
横須賀線 JO01 久里浜
56%
武蔵野線 JM15 新松戸
56%
総武本線 銚子
56%
成田線 銚子
56%
常磐緩行線 JL25 新松戸
56%
京浜東北・根岸線 JK37 東十条
55%
京浜東北・根岸線 JK40 西川口
55%
埼京線 JA19 戸田
55%
横須賀線 JO08 北鎌倉
55%
東海道線 JT14 国府津
55%
青梅線 JC55 拝島
55%
五日市線 JC55 拝島
55%
八高線 拝島
55%
京葉線 JE11 南船橋
55%
総武快速線 JO26 津田沼
55%
武蔵野線 JM24 東浦和
55%
武蔵野線 JM27 西浦和
55%
中央・総武緩行線 JB26 小岩
55%
中央・総武緩行線 JB33 津田沼
55%
内房線 木更津
55%
久留里線 木更津
55%
横須賀線 JO11 東戸塚
54%
横浜線 JH23 町田
54%
高崎線 熊谷
54%
常磐線 JJ10 取手
54%
常磐緩行線 JL32 取手
54%
京葉線 JE08 新浦安
53%
埼京線 JA18 戸田公園
52%
JR・相鉄直通線 羽沢横浜国大
52%
横須賀線 JO12 保土ケ谷
52%
東海道線 JT13 二宮
52%
東海道線 JT20 湯河原
52%
南武線 JN02 尻手
52%
南武線 支線 JN02 尻手
52%
中央快速線 JC25 相模湖
52%
京葉線 JE03 越中島
52%
総武快速線 JO27 稲毛
52%
中央・総武緩行線 JB20 浅草橋
52%
中央・総武緩行線 JB37 稲毛
52%
京浜東北・根岸線 JK14 新子安
51%
埼京線 JA24 与野本町
51%
鶴見線 JI52 海芝浦
51%
東海道線 JT09 辻堂
51%
東海道線 JT12 大磯
51%
横浜線 JH27 相模原
51%
五日市線 JC86 武蔵五日市
51%
上越線 新前橋
51%
両毛線 新前橋
51%
武蔵野線 JM21 越谷レイクタウン
51%
埼京線 JA16 北赤羽
50%
埼京線 JA25 北与野
50%
鶴見線 JI08 浜川崎
50%
南武線 支線 JN54 浜川崎
50%
八高線 高麗川
50%
川越線 高麗川
50%
京葉線 JE17 千葉みなと
50%
総武快速線 JO21 馬喰町
50%
中央・総武緩行線 JB23 亀戸
50%
常磐線 土浦
50%
常磐緩行線 JL19 綾瀬
50%
京浜東北・根岸線 JK35 上中里
49%
埼京線 JA17 浮間舟渡
49%
宇都宮線 小金井
49%
総武快速線 JO20 新日本橋
49%
中央・総武緩行線 JB38 西千葉
49%
総武本線 佐倉
49%
東金線 東金
49%
成田線 佐倉
49%
京浜東北・根岸線 JK06 磯子
48%
烏山線 烏山
48%
京葉線 JE04 潮見
48%
久留里線 久留里
48%
京浜東北・根岸線 JK03 港南台
47%
南武線 JN14 登戸
47%
宇都宮線 東大宮
47%
常磐線 JJ03 三河島
47%
京浜東北・根岸線 JK04 洋光台
46%
埼京線 JA23 南与野
46%
相模線 海老名
46%
青梅線 JC51 西立川
46%
中央本線 CO61 塩尻
46%
篠ノ井線 SN01 塩尻
46%
高崎線 上尾
46%
宇都宮線 久喜
46%
宇都宮線 黒磯
46%
京葉線 JE13 幕張豊砂
46%
武蔵野線 JM20 吉川
46%
武蔵野線 JM22 南越谷
46%
中央・総武緩行線 JB34 幕張本郷
46%
内房線 君津
46%
常磐線 日立
46%
常磐線 いわき
46%
常磐緩行線 JL20 亀有
46%
京浜東北・根岸線 JK08 山手
45%
鶴見線 JI02 国道
45%
東海道線 JT19 真鶴
45%
横浜線 JH30 八王子みなみ野
45%
篠ノ井線 SN15 篠ノ井
45%
中央・総武緩行線 JB32 東船橋
45%
信越本線2 SE09 篠ノ井
45%
京浜東北・根岸線 JK09 石川町
44%
埼京線 JA20 北戸田
44%
東海道線 JT18 根府川
44%
横浜線 JH15 菊名
44%
南武線 JN10 武蔵溝ノ口
44%
高崎線 鴻巣
44%
高崎線 本庄
44%
宇都宮線 那須塩原
44%
京葉線 JE10 二俣新町
44%
内房線 館山
44%
内房線 安房鴨川
44%
外房線 安房鴨川
44%
常磐緩行線 JL21 金町
44%
中央本線 CO51 小淵沢
43%
高崎線 籠原
43%
京葉線 JE09 市川塩浜
43%
京葉線 JE12 新習志野
43%
中央・総武緩行線 JB28 本八幡
43%
内房線 本千葉
43%
外房線 本千葉
43%
外房線 上総一ノ宮
43%
鹿島線 鹿島神宮
43%
常磐線 JJ09 天王台
43%
常磐緩行線 JL31 天王台
43%
小海線 小淵沢
43%
京浜東北・根岸線 JK02 本郷台
42%
京浜東北・根岸線 JK05 新杉田
42%
埼京線 JA22 中浦和
42%
東海道線 JT17 早川
42%
南武線 JN21 分倍河原
42%
中央快速線 JC27 上野原
42%
武蔵野線 JM28 北朝霞
42%
武蔵野線 JM31 新秋津
42%
総武本線 成東
42%
東金線 成東
42%
常磐線 友部
42%
水戸線 友部
42%
南武線 JN08 武蔵中原
41%
川越線 西大宮
41%
宇都宮線 古河
41%
武蔵野線 JM11 船橋法典
41%
武蔵野線 JM19 吉川美南
41%
武蔵野線 JM23 東川口
41%
武蔵野線 JM34 北府中
41%
中央・総武緩行線 JB24 平井
41%
外房線 大網
41%
総武本線 東千葉
41%
東金線 大網
41%
成田線 東千葉
41%
常磐線 牛久
41%
常磐緩行線 JL29 北柏
41%
東海道線 JT15 鴨宮
40%
横浜線 JH21 長津田
40%
青梅線 JC57 福生
40%
中央本線 CO39 山梨市
40%
高崎線 深谷
40%
宇都宮線 自治医大
40%
両毛線 足利
40%
両毛線 栃木
40%
京葉線 JE15 検見川浜
40%
京葉線 JE16 稲毛海岸
40%
武蔵野線 JM17 三郷
40%
武蔵野線 JM30 東所沢
40%
総武本線 四街道
40%
成田線 四街道
40%
常磐緩行線 JL23 北松戸
40%
成田線 支線2 空港第2ビル
40%
鶴見線 JI61 大川
39%
南武線 JN09 武蔵新城
39%
中央本線 CO57 上諏訪
39%
中央本線 CO58 下諏訪
39%
八高線 倉賀野
39%
上越線 高崎問屋町
39%
高崎線 桶川
39%
高崎線 倉賀野
39%
宇都宮線 白岡
39%
宇都宮線 栗橋
39%
両毛線 高崎問屋町
39%
武蔵野線 JM13 東松戸
39%
武蔵野線 JM16 南流山
39%
武蔵野線 JM29 新座
39%
中央・総武緩行線 JB29 下総中山
39%
常磐線 勝田
39%
常磐緩行線 JL27 南柏
39%
鶴見線 JI51 新芝浦
38%
相模線 厚木
38%
川越線 日進
38%
宇都宮線 蓮田
38%
両毛線 伊勢崎
38%
武蔵野線 JM18 新三郷
38%
中央・総武緩行線 JB36 新検見川
38%
常磐線 ひたち野うしく
38%
横須賀線 JO05 東逗子
37%
横須賀線 JO04 田浦
37%
横須賀線 JO02 衣笠
37%
横浜線 JH17 小机
37%
中央快速線 JC31 猿橋
37%
高崎線 北上尾
37%
高崎線 北本
37%
宇都宮線 土呂
37%
武蔵野線 JM32 新小平
37%
外房線 勝浦
37%
成田線 酒々井
37%
常磐線 高萩
37%
南武線 支線 JN51 八丁畷
36%
青梅線 JC54 昭島
36%
青梅線 JC61 東青梅
36%
中央本線 CO36 勝沼ぶどう郷
36%
中央本線 CO59 岡谷
36%
信越本線 横川
36%
上越線 渋川
36%
上越線 水上
36%
吾妻線 渋川
36%
高崎線 宮原
36%
常磐緩行線 JL24 馬橋
36%
南武線 JN25 西国立
35%
高崎線 北鴻巣
35%
高崎線 行田
35%
宇都宮線 新白岡
35%
宇都宮線 宝積寺
35%
烏山線 宝積寺
35%
相模線 寒川
34%
横浜線 JH14 大口
34%
横浜線 JH19 中山
34%
横浜線 JH31 片倉
34%
中央快速線 JC26 藤野
34%
中央本線 CO37 塩山
34%
八高線 北八王子
34%
常磐線 龍ケ崎市
34%
水戸線 稲田
34%
伊東線 JT22 来宮
33%
相模線 北茅ケ崎
33%
横浜線 JH25 淵野辺
33%
南武線 JN04 鹿島田
33%
中央快速線 JC28 四方津
33%
中央本線 CO41 石和温泉
33%
中央本線 CO44 竜王
33%
中央本線 CO46 韮崎
33%
川越線 指扇
33%
両毛線 桐生
33%
武蔵野線 JM14 新八柱
33%
内房線 五井
33%
久留里線 上総亀山
33%
鹿島線 鹿島サッカースタジアム
33%
横浜線 JH20 十日市場
32%
横浜線 JH29 相原
32%
南武線 JN16 稲田堤
32%
中央本線 CO56 茅野
32%
宇都宮線 雀宮
32%
両毛線 あしかがフラワーパーク
32%
武蔵野線 JM12 市川大野
32%
外房線 茂原
32%
成田線 佐原
32%
鹿島線 佐原
32%
常磐緩行線 JL26 北小金
32%
南武線 JN18 稲城長沼
31%
中央本線 支線 辰野
31%
川越線 南古谷
31%
高崎線 新町
31%
両毛線 佐野
31%
内房線 袖ケ浦
31%
常磐線 偕楽園
31%
南武線 JN03 矢向
30%
南武線 JN22 西府
30%
南武線 JN23 谷保
30%
八高線 小川町
30%
八高線 寄居
30%
川越線 西川越
30%
吾妻線 長野原草津口
30%
宇都宮線 東鷲宮
30%
成田線 香取
30%
成田線 支線1 東我孫子
30%
鹿島線 香取
30%
常磐線 石岡
30%
鶴見線 JI10 扇町
29%
横浜線 JH18 鴨居
29%
南武線 JN19 南多摩
29%
青梅線 JC58 羽村
29%
中央本線 CO60 みどり湖
29%
高崎線 神保原
29%
総武本線 都賀
29%
総武本線 八街
29%
成田線 都賀
29%
常磐線 荒川沖
29%
鶴見線 JI06 安善
28%
相模線 南橋本
28%
横浜線 JH24 古淵
28%
南武線 JN13 宿河原
28%
南武線 支線 JN52 川崎新町
28%
南武線 支線 JN53 小田栄
28%
青梅線 JC52 東中神
28%
青梅線 JC53 中神
28%
青梅線 JC60 河辺
28%
青梅線 JC67 軍畑
28%
青梅線 JC69 御嶽
28%
五日市線 JC83 秋川
28%
八高線 箱根ケ崎
28%
八高線 東飯能
28%
宇都宮線 間々田
28%
日光線 今市
28%
内房線 姉ケ崎
28%
常磐線 藤代
28%
鶴見線 JI07 武蔵白石
27%
横浜線 JH22 成瀬
27%
篠ノ井線 SN05 南松本
27%
吾妻線 大前
27%
高崎線 吹上
27%
高崎線 岡部
27%
宇都宮線 石橋
27%
宇都宮線 矢板
27%
宇都宮線 西那須野
27%
外房線 誉田
27%
常磐線 東海
27%
鶴見線 JI05 浅野
26%
伊東線 JT25 宇佐美
26%
中央快速線 JC30 鳥沢
26%
信越本線 安中
26%
宇都宮線 野木
26%
日光線 鹿沼
26%
総武本線
26%
常磐線 浪江
26%
水郡線 支線 常陸太田
26%
伊東線 JT24 網代
25%
横浜線 JH26 矢部
25%
中央快速線 JC29 梁川
25%
中央本線 CO35 甲斐大和
25%
八高線 東福生
25%
上越線 井野
25%
上越線 沼田
25%
宇都宮線 岡本
25%
両毛線 井野
25%
外房線 大原
25%
総武本線 物井
25%
総武本線 松岸
25%
成田線 物井
25%
成田線 松岸
25%
成田線 支線1 下総松崎
25%
鶴見線 JI03 鶴見小野
24%
鶴見線 JI09 昭和
24%
南武線 JN24 矢川
24%
青梅線 JC73 白丸
24%
五日市線 JC82 東秋留
24%
中央本線 CO34 笹子
24%
中央本線 CO53 富士見
24%
八高線 群馬藤岡
24%
吾妻線 万座・鹿沢口
24%
外房線 行川アイランド
24%
成田線 支線1 木下
24%
常磐線 赤塚
24%
常磐線 双葉
24%
水郡線 常陸大宮
24%
伊東線 JT23 伊豆多賀
23%
南武線 JN06 向河原
23%
南武線 JN15 中野島
23%
中央本線 CO38 東山梨
23%
篠ノ井線 SN13 姨捨
23%
総武本線 南酒々井
23%
常磐線 神立
23%
水戸線 下館
23%
水戸線 結城
23%
大糸線 北松本
23%
鶴見線 JI04 弁天橋
22%
南武線 JN11 津田山
22%
南武線 JN12 久地
22%
南武線 JN17 矢野口
22%
青梅線 JC59 小作
22%
青梅線 JC72 鳩ノ巣
22%
五日市線 JC84 武蔵引田
22%
五日市線 JC85 武蔵増戸
22%
中央本線 CO33 初狩
22%
八高線 小宮
22%
八高線 金子
22%
八高線 越生
22%
内房線 上総湊
22%
外房線 土気
22%
外房線 御宿
22%
総武本線 日向
22%
常磐線 常陸多賀
22%
常磐線 勿来
22%
常磐線 富岡
22%
相模線 上溝
21%
南武線 JN05 平間
21%
信越本線 北高崎
21%
吾妻線 中之条
21%
宇都宮線 氏家
21%
外房線 鎌取
21%
外房線 新茂原
21%
総武本線 八日市場
21%
成田線 支線1 小林
21%
鹿島線 潮来
21%
常磐線 羽鳥
21%
常磐線 大甕
21%
常磐線
21%
常磐線 湯本
21%
小海線 野辺山
21%
相模線 社家
20%
相模線 下溝
20%
相模線 原当麻
20%
青梅線 JC56 牛浜
20%
八高線 北藤岡
20%
両毛線 前橋大島
20%
内房線 浜野
20%
内房線 八幡宿
20%
内房線 千倉
20%
成田線 支線1 安食
20%
常磐線 大津港
20%
水戸線 笠間
20%
常磐線 Jヴィレッジ
20%
相模線 香川
19%
五日市線 JC81 熊川
19%
中央本線 CO42 酒折
19%
中央本線 CO45 塩崎
19%
川越線 的場
19%
川越線 武蔵高萩
19%
宇都宮線 蒲須坂
19%
内房線 巌根
19%
内房線 浜金谷
19%
外房線 安房小湊
19%
東金線 求名
19%
常磐線 岩間
19%
相模線 相武台下
18%
中央本線 CO40 春日居町
18%
中央本線 CO49 日野春
18%
中央本線 CO52 信濃境
18%
中央本線 CO54 すずらんの里
18%
中央本線 支線 小野
18%
八高線 児玉
18%
宇都宮線 野崎
18%
両毛線 思川
18%
総武本線 横芝
18%
常磐線 高浜
18%
常磐線 内原
18%
常磐線 十王
18%
水郡線 常陸大子
18%
相模線 倉見
17%
青梅線 JC64 日向和田
17%
中央本線 CO50 長坂
17%
八高線 毛呂
17%
上越線 群馬総社
17%
成田線 支線1 湖北
17%
鹿島線 十二橋
17%
水戸線 大和
17%
水戸線 小田林
17%
青梅線 JC68 沢井
16%
青梅線 JC70 川井
16%
青梅線 JC71 古里
16%
中央本線 CO47 新府
16%
中央本線 CO55 青柳
16%
信越本線 松井田
16%
宇都宮線 片岡
16%
両毛線 駒形
16%
東金線 福俵
16%
成田線 下総神崎
16%
常磐線 佐和
16%
常磐線 夜ノ森
16%
常磐線 大野
16%
水郡線 上菅谷
16%
水郡線 支線 上菅谷
16%
小海線 清里
16%
信越本線2 SE11 川中島
16%
相模線 門沢橋
15%
相模線 入谷
15%
青梅線 JC66 二俣尾
15%
中央本線 CO48 穴山
15%
両毛線 岩宿
15%
両毛線 富田
15%
両毛線 大平下
15%
内房線 長浦
15%
外房線 永田
15%
外房線 東浪見
15%
外房線 安房天津
15%
成田線 支線1 布佐
15%
常磐線 磯原
15%
常磐線 広野
15%
水戸線 東結城
15%
相模線 宮山
14%
相模線 番田
14%
青梅線 JC63 宮ノ平
14%
青梅線 JC65 石神前
14%
篠ノ井線 SN02 広丘
14%
篠ノ井線 SN03 村井
14%
篠ノ井線 SN04 平田
14%
篠ノ井線 SN11 聖高原
14%
八高線 竹沢
14%
信越本線 西松井田
14%
上越線 後閑
14%
両毛線 国定
14%
両毛線 岩舟
14%
内房線 千歳
14%
外房線 本納
14%
外房線 上総興津
14%
久留里線 祇園
14%
総武本線 榎戸
14%
常磐線 小木津
14%
水郡線 下菅谷
14%
大糸線 穂高
14%
篠ノ井線 SN08 明科
13%
川越線 笠幡
13%
信越本線 磯部
13%
日光線 鶴田
13%
日光線 下野大沢
13%
内房線 青堀
13%
内房線 佐貫町
13%
内房線 保田
13%
内房線 富浦
13%
内房線 那古船形
13%
外房線 八積
13%
常磐線 植田
13%
八高線 明覚
12%
八高線 丹荘
12%
両毛線 小俣
12%
日光線 文挾
12%
烏山線
12%
内房線 大貫
12%
内房線 岩井
12%
総武本線 松尾
12%
総武本線 飯岡
12%
常磐線 南中郷
12%
常磐線 内郷
12%
常磐線 草野
12%
常磐線 四ツ倉
12%
水郡線 中菅谷
12%
信越本線2 SE12 安茂里
12%
中央本線 支線 信濃川島
11%
信越本線 群馬八幡
11%
上越線 八木原
11%
上越線 敷島
11%
上越線 上牧
11%
両毛線 山前
11%
内房線 九重
11%
内房線 和田浦
11%
内房線 江見
11%
内房線 太海
11%
外房線 太東
11%
外房線 長者町
11%
外房線 浪花
11%
成田線 滑河
11%
成田線 小見川
11%
成田線 下総橘
11%
常磐線 久ノ浜
11%
水戸線 宍戸
11%
小海線 甲斐小泉
11%
信越本線2 SE10 今井
11%
大糸線 豊科
11%
中央本線 支線 川岸
10%
八高線 折原
10%
八高線 用土
10%
吾妻線 川原湯温泉
10%
内房線 竹岡
10%
内房線 安房勝山
10%
外房線 三門
10%
外房線 鵜原
10%
久留里線 横田
10%
総武本線 猿田
10%
成田線 久住
10%
成田線 水郷
10%
鹿島線 延方
10%
常磐線 木戸
10%
常磐線 竜田
10%
水戸線 羽黒
10%
水戸線 岩瀬
10%
水郡線 支線 河合
10%
小海線 甲斐大泉
10%
篠ノ井線 SN07 田沢
9%
篠ノ井線 SN12 冠着
9%
八高線 松久
9%
上越線 岩本
9%
吾妻線 小野上
9%
内房線 南三原
9%
久留里線 馬来田
9%
久留里線 平山
9%
久留里線 上総松丘
9%
総武本線 飯倉
9%
総武本線 干潟
9%
成田線 下総豊里
9%
成田線 椎柴
9%
常磐線 末続
9%
水戸線 川島
9%
水郡線
9%
水郡線 袋田
9%
篠ノ井線 SN14 稲荷山
8%
上越線 津久田
8%
吾妻線 祖母島
8%
吾妻線 小野上温泉
8%
吾妻線 群馬原町
8%
久留里線 上総清川
8%
久留里線 東清川
8%
久留里線 東横田
8%
総武本線 倉橋
8%
成田線 大戸
8%
成田線 笹川
8%
水郡線 常陸青柳
8%
篠ノ井線 SN09 西条
7%
吾妻線 金島
7%
吾妻線 群馬大津
7%
烏山線 下野花岡
7%
烏山線 大金
7%
水戸線 福原
7%
水戸線 新治
7%
水戸線 玉戸
7%
篠ノ井線 SN10 坂北
6%
吾妻線 羽根尾
6%
烏山線 小塙
6%
久留里線 小櫃
6%
久留里線 俵田
6%
水郡線 常陸津田
6%
水郡線 常陸鴻巣
6%
大糸線 梓橋
6%
大糸線 一日市場
6%
大糸線 南豊科
6%
吾妻線 市城
5%
吾妻線 郷原
5%
吾妻線 袋倉
5%
烏山線 仁井田
5%
久留里線 下郡
5%
水郡線 後台
5%
水郡線 瓜連
5%
水郡線 玉川村
5%
水郡線 西金
5%
大糸線 島内
5%
大糸線 島高松
5%
吾妻線 矢倉
4%
吾妻線 岩島
4%
烏山線 鴻野山
4%
水郡線 山方宿
4%
水郡線 下小川
4%
水郡線 上小川
4%
水郡線 支線 額田
4%
大糸線 中萱
4%
大糸線 柏矢町
4%
水郡線 野上原
3%
水郡線 中舟生
3%
水郡線 支線 南酒出
3%
水郡線 支線 谷河原
3%
No matching quizzes found
Score Distribution
Percent of People with Each Score
Percentile by Number Answered
Your Score History
You have not taken this quiz since the last reset